Statistiche per Squadre state in Serie A che iniziano con la C

Clicka qui per fare il quiz!

Statistiche generali

  • Questo quiz è stato fatto 20 volte
  • Il punteggio medio è 8 su 10

Statistiche sulle risposte

Stagioni in Serie AUltima stagione in Serie ASquadra% Corretto
432023-2024Cagliari
95%
172013-2014Catania
84%
132014-2015Cesena
84%
32020-2021Crotone
84%
132002-2003Como
79%
12015-2016Carpi
74%
82022-2023Cremonese
74%
172018-2019Chievo
68%
71982-1983Catanzaro
63%
41933-1934Casale
53%

Distribuzione punteggi

Percentile per numero di risposta

Percentuale di utenti per punteggio

I tuoi punteggi nel tempo

Non hai fatto questo quiz